| 000 | 00370nam a2200145Ia 4500 | ||
|---|---|---|---|
| 008 | 240624s9999 xx 000 0 und d | ||
| 041 | _aeng | ||
| 082 | _a519.542 FEN | ||
| 100 | _aFENTON NORMAN | ||
| 245 | _aRISK ASSESSMENT AND DECISION ANALYSIS WI | ||
| 250 | _a(2nd ed.) | ||
| 260 |
_c2019 _aLondon _bCRC Press |
||
| 300 | _axxi, 637 p.; 23 cm. | ||
| 365 |
_cBPS _b35 |
||
| 999 |
_c31516 _d31516 |
||